The violoncello and its history. Rendered into english by Isabella S. E. Stigand, with illustrations, musical examples and portrait of Robert Lindley

Guardat en:
Dades bibliogràfiques
Autor principal: Wasielewski, Joseph V. (Autor)
Format: Llibre
Idioma:anglès
Publicat: Londres Novello, Ewer and Co 1894
Edició:1a. ed
Matèries:
Etiquetes: Afegir etiqueta
Sense etiquetes, Sigues el primer a etiquetar aquest registre!

MARC

LEADER 00000nam a2200000 a 4500
001 UCJ7295
003 CL-VaPUC
008 070124e18940000UK |||||||||||||||||eng|d
082 0 4 |a 780  |b WAS  |2 21 
100 0 |a Wasielewski, Joseph V.  |e author  |9 515585 
245 1 4 |a The violoncello and its history. Rendered into english by Isabella S. E. Stigand, with illustrations, musical examples and portrait of Robert Lindley 
250 |a 1a. ed 
300 |a 225 p 
942 |c BK 
945 |d 20070124 00:00:00  |a rinostro 
260 |a Londres  |b Novello, Ewer and Co  |c 1894 
500 |a Front.: retrato de Robert Lindley.- Cubierta anterior, violoncello en plancha dorada 
600 0 7 |a LINDLEY, ROBERT  |2 CL-VaPUC  |9 515586 
650 0 |a Instrumentos musicales  |9 306600 
650 0 |a Violoncello  |9 332572 
650 0 |a Iconografía   |9 267998 
650 0 |a Ilustraciones  |9 369481 
583 |a last modification  |c 20070124 00:00:00  |k Rodrigo Vera 
999 |c 323391  |d 323389 
952 |0 0  |1 0  |4 0  |6 780_000000000000000_WAS_1894  |7 0  |8 X  |9 402950  |a FDOBUD  |b FDOBUD  |d 2019-11-22  |i 106116K  |o 780 WAS 1894  |p 106116K  |r 2019-11-22  |w 2019-11-22  |y BK_X  |k BUD